01570nam a22002897a 4500003001000000005001700010007000300027008004100030015001200071020002200083040003400105044001300139080002100152100005200173245008100225250001100306260005900317300003200376490002800408520061300436521003901049650003201088655002901120655004301149700004201192751004601234AR-RoUNCS20260306135433.0ta160829s2008 ag a jr 001 f spa  aAR-2008 a978-978-04-0690-7 aAR-BaBNbspacAR-RoUNCSeaacr aagcar-c1 a82-31(82) 220161 aBrandán Aráoz, María,d1949-eautora4aut10aDetectives en Córdoba /cMaría Brandán Aráoz ; ilustraciones de Pez. a1a ed. aCiudad Autónoma de Buenos Aires :bAlfaguara,c2008. a370 p. :bil. byn ;c20 cm.0 aAlfaguara Juvenil. Azul3 aMauro, Adela, Inés y Pablo van de vacaciones a Córdoba. En la ruta, se encuentran con un camionero que acaba de ser asaltado por unos piratas del asfalto. Mauro se pondrá entonces tras la pista de los ladrones para develar el misterio de esta banda que tiene atemorizados a los productores y comerciantes de la zona. Los detectives se verán inmersos, una vez más, en una aventura llena de persecuciones, peligro y extraños personajes. Una nueva novela de María Brandán Aráoz, para todos los lectores que siguen libro a libro la atrapante saga de los Detectives.c(Descripción del editor).1 aEdad sugerida desde los 12 años. 72embneaLiteratura argentina 7aNovelas juveniles2embne 7aNovelas de acción y aventuras2embne1 aPez, Alberto,d1963-eilustrador4ill aBuenos Aireselugar de publicación4pup